000 00427nmm a2200145Ia 4500
008 251105s9999||||xx |||||||||||||||||und||
041 _aspa
100 _aBarceló García, Miquel
245 0 _aLa ciencia ficción
264 _a[Madrid, España] :
_bUniversitat Oberta de Catalunya,
_c2015
300 _a96 páginas
650 _aLiterary History
856 _uhttps://public.digitaliapublishing.com/a/43966
942 _cCF
999 _c105756
_d105756